00667nam a2200169Ia 4500008004100000020001800041041000800059082001500067100002400082245016000106250000600266260003900272300001800311650002000329999001900349952012900368210716s2009 xx 000 0 und d a9788131711460 aeng a005.3 PARM aParthasarathy, M A. aPractical software estimation: function point methods for insourced and outsourced projects.bFunction point methods for insourced and outsourced projects. a1 aNew DelhibPearson Educationc2009 axxxi,388/2013 aPrograms(005.3) c195099d195099 001040708MCAaAIMITbAIMITeKnowledge Worldg675.00l0o005.3 PARMpMCA14608r2026-05-23 00:00:00v506.25w2021-07-16yBK